Normal view
MARC view
Entry Personal Name
001 - CONTROL NUMBER
- control field: 67464
003 - CONTROL NUMBER IDENTIFIER
- control field: OSt
005 - DATE AND TIME OF LATEST TRANSACTION
- control field: 20170614123436.0
008 - FIXED-LENGTH DATA ELEMENTS
- fixed length control field: 170614|| aca||aabn | a|a d
040 ## - CATALOGING SOURCE
- Original cataloging agency: OSt
- Transcribing agency: OSt
100 ## - HEADING--PERSONAL NAME
- Personal name: गुप्त मेजर डॉ परशुराम
670 ## - SOURCE DATA FOUND
- Source citation: Work cat.: (OSt): गुप्त मेजर डॉ परशुराम , विवेकानंद और राष्ट्रवाद , 2015









